• 首页
  • 本馆介绍
  • 公告通知
  • 最新文献
  • 馆藏检索
  • 电子资源
  • 读者荐购
  • 参考咨询
  • CALIS
  • 我的图书馆
  • 登录
  • 详细信息显示
  • 放入我的书架
  • 预约/预借图书
  • 作者相关作品
  • 分类相关作品
  • 丛书相关作品
  • 出版社相关作品

书目信息

  • 表格格式
  • 工作单格式
  • 卡片格式
题名:
公益经济诉讼经济法诉讼体系的构建
    
 
作者: 颜运秋 著
分册:  
出版信息: 北京   法律出版社  2008.04
页数: 307页
开本: 20cm
丛书名:
单 册:
中图分类: D925.10
科图分类:
主题词: 法律--中国
电子资源:
ISBN: 978-7-5036-8295-7
 
 
 
 
 
000 00591nam0 2200217 45
001 0948253860
005 20091101132514.04
010    @a978-7-5036-8295-7@dCNY25.00
100    @a20090515d2008 ekmy0 y0120 ea
102    @aCN@b130000
102    @aCN@b110000
105    @ay z 000yy
200 1  @a公益经济诉讼经济法诉讼体系的构建@f颜运秋著@Fyan yun qiu zhu
210    @a北京@c法律出版社@d2008.04
215    @a307页@d20cm
606 0  @a法律@x中国
690    @aD925.10@v4
701  0 @a颜运秋@Ayan yun qiu@4著
801  0 @aCN@c20091101
905    @a10447@dD925.10@eY109
906    @d25@n3@r1
    
    公益经济诉讼经济法诉讼体系的构建/颜运秋著.-北京:法律出版社,2008.04
    307页;20cm
    
    
    ISBN 978-7-5036-8295-7:CNY25.00
    
●
相关链接 在E读中查询图书 在当当中查询图书 在豆瓣中查询图书


正题名:公益经济诉讼经济法诉讼体系的构建     索取号:D925.10/Y109         预约/预借

序号 登录号 条形码 馆藏地/架位号 状态 备注
1 655981   206559810   社科库509/509社科库 100排2列1层/ [索取号:D925.10/Y109] 在馆    
2 655982   206559829   社科库509/509社科库 100排2列1层/ [索取号:D925.10/Y109] 在馆    
3 655983   206559838   社科库509/509社科库 100排2列1层/ [索取号:D925.10/Y109] 在馆    
河南城建学院图书馆 欢迎您!
大连网信软件有限公司© 版权所有